00331nam a2200109 4500999001500000020001800015245003600033260003500069300000800104942000700112952010200119 c4724d4724 a9780618250035 aMc Dougal Littell Pre - Algebra aBostonbMcdougal Littellc2005 a880 cBK 0010708NFICaMLCampusbMLCampuscGENd2019-04-04l0o512.9 MCDp007383r2022-11-17 00:00:00yBK